[Event "Pune op U1800 11th"]
[Site "Pune"]
[Date "2024.05.25"]
[Round "6"]
[White "Nihaan, Pohane"]
[Black "Avadhoot, Lokesh Bhakti Brahm"]
[Result "0-1"]
[WhiteElo "1751"]
[BlackElo "1682"]
[PlyCount "172"]
[EventDate "2024.05.24"]
[EventType "swiss"]
[EventRounds "9"]
[EventCountry "IND"]
[SourceTitle "CB22_2024"]
[SourceDate "2024.05.29"]
[SourceVersion "1"]
[SourceVersionDate "2024.05.29"]
[SourceQuality "1"]

1. d4 Nf6 2. Bf4 d5 3. e3 c5 4. c3 Nc6 5. Nd2 cxd4 6. exd4 Bf5 7. Ngf3 a6 8. Be2 h6 9. h3 e6 10. 0-0 Bd6 11. Bxd6 Qxd6 12. Re1 0-0 13. Bf1 Nd7 14. Qe2 Rac8 15. Ne5 Ndxe5 16. dxe5 Qc7 17. Qe3 Rfd8 18. Nb3 Bg6 19. Kh1 Na5 20. Nd4 b5 21. f4 Nc4 22. Bxc4 bxc4 23. Rf1 Be4 24. Rf2 Qe7 25. Qg3 Re8 26. f5 exf5 27. Nxf5 Bxf5 28. Rxf5 Rb8 29. Rb1 Rb7 30. Rbf1 Qe6 31. Qf3 Ree7 32. Rf2 g6 33. Rf6 Qxe5 34. Rxa6 Qb8 35. Rf1 Rbd7 36. Qf6 Re8 37. Rb6 Qe5 38. Qxe5 Rxe5 39. Rd1 Kf8 40. Rb5 Ke7 41. a4 Kd6 42. a5 Ra7 43. Ra1 Ra6 44. Ra4 Re8 45. Rab4 Rea8 46. Rb7 R8a7 47. R4b6+ Rxb6 48. Rxb6+ Kc5 49. Rf6 Rxa5 50. Rxf7 Rb5 51. Rf2 d4 52. cxd4+ Kxd4 53. Kh2 Ke3 54. Rf3+ Kd4 55. Rf4+ Kc5 56. Rf2 Kb4 57. h4 Kb3 58. g4 Ka2 59. b4+ Kb3 60. Rf6 c3 61. Rxg6 c2 62. Rc6 Rxb4 63. Rxc2 Kxc2 64. Kg3 Kd3 65. g5 h5 66. Kf3 Rxh4 67. Kg3 Rg4+ 68. Kh3 Ke3 69. g6 Rxg6 70. Kh4 Rh6 71. Kh3 Kf4 72. Kh4 Rg6 73. Kh3 h4 74. Kh2 Kg4 75. Kg1 Ra6 76. Kf2 Ra2+ 77. Ke3 h3 78. Kd4 h2 79. Ke5 h1Q 80. Kf6 Qh6+ 81. Ke5 Ra5+ 82. Ke4 Qf4+ 83. Kd3 Ra3+ 84. Kc2 Qf2+ 85. Kb1 Rh3 86. Ka1 Rh1# 0-1